| 000 | 00806cam a22002054a 4500 | ||
|---|---|---|---|
| 020 | _a0890067740 (alk. paper) | ||
| 082 | 0 | 0 |
_a388.31420973 _bOZB _cN-01, P-95 |
| 100 | 1 |
_aOzbay, Kaan, _938694 |
|
| 245 | 1 | 0 |
_aIncident management in intelligent transportation systems / _cKaan Ozbay, Pushkin Kachroo. |
| 260 |
_aBoston : _bArtech House, _cc1999. |
||
| 300 |
_axv, 248 p. : _bill. ; _c24 cm. |
||
| 526 |
_a0 _b0 _c0 _d388_314209730000000_OZB |
||
| 650 | 0 |
_aElectronic traffic controls _zUnited States _xManagement. _938695 |
|
| 650 | 0 |
_aIntelligent transportation systems _zUnited States. _922368 |
|
| 650 | 0 |
_aNUST _96342 |
|
| 650 | 0 |
_aTraffic congestion _zUnited States _xPrevention. _938696 |
|
| 650 | 0 |
_aTraffic flow _zUnited States _xManagement. _922365 |
|
| 700 | 1 |
_aKachroo, Pushkin. _938697 |
|
| 942 |
_2ddc _cBK |
||
| 999 |
_c543346 _d543346 |
||